000 00301nam a22001211a 4500
999 _c156658
_d156658
082 _aM8
_bGIB/RAV
100 _aKhalil Gibran
245 _aRavinum prabhathathinumidayil/
_cby Khalil Gibran.
260 _a
_b
_c2008.
300 _a80p.
650 _aMiscellaneous Literature Malayalam
942 _cBK